| 000 | 01912cam a22001934a 4500 | ||
|---|---|---|---|
| 005 | 20250605164140.0 | ||
| 008 | 250528s ||||||||||||||||||||||||d | ||
| 035 | _a18942 | ||
| 040 |
_aGR-AtMCL _bgre _dGR-AtMCL _eAACR2 |
||
| 245 | 1 | _aΙστορία της Μοντέρνας Ζωγραφικής / A Concise History of Modern Painting | |
| 260 |
_bΥποδομή, _c1978 |
||
| 300 | _a448 | ||
| 505 | 0 | _aΠρόλογος, Η Καταγωγή της Μοντέρνας Τέχνης, Η Τομή, Κυβισμός, Φουτουρισμός - Ντανταϊσμός - Σουρεαλισμός, Πικάσο - Καντίνσκυ - Κλέε, Καταγωγή και Εξέλιξη μίας Τέχνης Καθορισμένων Σχέσεων: Κονστρουκτιβισμός, Καταγωγή και Εξέλιξη μιάς Τέχνης Εσωτερικής Ανάγκης: Αφηρημένος Εξπρεσιονισμός, Μετά τον Αφηρημένο Εξπρεσιονισμό, Εικονογραγική Επισκόπηση, Σημειώσεις, Βιβλιογραφία, Ευρετήριο. | |
| 520 | _aΠρόλογος, Η Καταγωγή της Μοντέρνας Τέχνης, Η Τομή, Κυβισμός, Φουτουρισμός - Ντανταϊσμός - Σουρεαλισμός, Πικάσο - Καντίνσκυ - Κλέε, Καταγωγή και Εξέλιξη μίας Τέχνης Καθορισμένων Σχέσεων: Κονστρουκτιβισμός, Καταγωγή και Εξέλιξη μιάς Τέχνης Εσωτερικής Ανάγκης: Αφηρημένος Εξπρεσιονισμός, Μετά τον Αφηρημένο Εξπρεσιονισμό, Εικονογραγική Επισκόπηση, Σημειώσεις, Βιβλιογραφία, Ευρετήριο. | ||
| 700 | 1 |
_aRead Herbert _95227 |
|
| 942 | _cBK | ||
| 999 |
_c4239 _d4239 |
||